Άγιον Όρος
Αποθηκεύτηκε σε:
| Κύριος συγγραφέας: | |
|---|---|
| Μορφή: | Βιβλίο |
| Γλώσσα: | Greek |
| Δημοσίευση: |
Αθήνα :
Εστία,
|
| Σειρά: | Νεοελληνική λογοτεχνία (Εστία)
; v.16 |
| Θέματα: | |
| Ετικέτες: |
Προσθήκη ετικέτας
Δεν υπάρχουν, Καταχωρήστε ετικέτα πρώτοι!
|
MARC
| LEADER | 00000cam a2200000 i 4500 | ||
|---|---|---|---|
| 001 | 1/40865 | ||
| 008 | 961022s gr | ||| |||| ||gre|| | ||
| 035 | |l 10025309 | ||
| 040 | |a GR-MY-UA |b gre |e aacr | ||
| 041 | 0 | |a gre | |
| 082 | 7 | |a 281.909 | |
| 100 | 1 | |a Παπαντωνίου, Ζαχαρίας Λ., |d 1877-1940. | |
| 245 | 1 | 0 | |a Άγιον Όρος / |c Ζαχαρία Παπαντωνίου. |
| 260 | |a Αθήνα : |b Εστία, | ||
| 300 | |a 216 σ. | ||
| 490 | 1 | |a (Νεοελληνική λογοτεχνία / Εστία ; |v vol.16) | |
| 650 | 0 | 0 | |a Monasteries |z Greece |z Athos. |
| 650 | 0 | 0 | |a Monastic and religious life |z Greece |z Athos. |
| 830 | 0 | |a Νεοελληνική λογοτεχνία (Εστία) |v ; v.16 | |
| 852 | |a INST |b CHIOS |e 19961022 |h 281.909 ΠΑΠ |p 005200011228 |q 005200011228 |t BK |y 0 | ||
| 852 | |a INST |b RHODES |c AKA |e 20190322 |h 281.909 ΠΑΠ |p 005400040550 |q 005400040550 |t BK |y 0 | ||
| 909 | |a Χ |b 047604 | ||